Izraelské parlamentné voľby 2013

Parlamentné voľby v Izraeli sú takmer vždy významnou udalosťou v rámci medzinárodných politických vzťahov. Ovplyvňujú dianie v regióne, ktoré sa neraz premieta aj na globálnu úroveň. Izrael je fungujúcou parlamentnou demokraciou, preto kandidujú strany s rôznymi vnútro aj zahraničnopolitickými názo...

Ausführliche Beschreibung

Gespeichert in:
Bibliographische Detailangaben
1. Verfasser: Šálek, Martin
Format: Buchkapitel
Sprache:Slowakisch
Schlagworte:
Tags: Tag hinzufügen
Keine Tags, Fügen Sie das erste Tag hinzu!

MARC

LEADER 00000naa a2200000 4500
001 0167123
005 20240502072919.2
041 0 |a slo 
044 |a SK 
245 1 0 |a Izraelské parlamentné voľby 2013  |c Martin Šálek 
520 |a Parlamentné voľby v Izraeli sú takmer vždy významnou udalosťou v rámci medzinárodných politických vzťahov. Ovplyvňujú dianie v regióne, ktoré sa neraz premieta aj na globálnu úroveň. Izrael je fungujúcou parlamentnou demokraciou, preto kandidujú strany s rôznymi vnútro aj zahraničnopolitickými názormi. Základy politického systému Izraela. Prehľad kandidujúcich strán a koalícii. 
610 2 0 |a Izrael 
610 2 0 |a voľby 
610 2 0 |a politika 
610 2 0 |a strany politické 
610 2 0 |a strany vládne 
610 2 0 |a náboženstvo 
100 1 |a Šálek, Martin